Hey's mineral index : (Record no. 11737)

MARC details
000 -LEADER
fixed length control field 01229pam a2200313 i 4500
001 - CONTROL NUMBER
control field 2506617
003 - CONTROL NUMBER IDENTIFIER
control field EG-ScBUE
005 - DATE AND TIME OF LATEST TRANSACTION
control field 20260104102125.0
008 - FIXED-LENGTH DATA ELEMENTS--GENERAL INFORMATION
fixed length control field 921228t1993 enka f i 000 0 eng
020 ## - INTERNATIONAL STANDARD BOOK NUMBER
International Standard Book Number 0412399504 (acidfree paper)
020 ## - INTERNATIONAL STANDARD BOOK NUMBER
International Standard Book Number 9780412399503
040 ## - CATALOGING SOURCE
Original cataloging agency EG-ScBUE
Language of cataloging eng
Description conventions rda
Transcribing agency EG-ScBUE
Modifying agency EG-ScBUE
082 04 - DEWEY DECIMAL CLASSIFICATION NUMBER
Classification number 549.012
Edition number 22
Item number CLA
100 1# - MAIN ENTRY--PERSONAL NAME
Personal name Clark, Andrew,
9 (RLIN) 5798
Relator term author.
245 10 - TITLE STATEMENT
Title Hey's mineral index :
Remainder of title mineral species, varieties, and synonyms /
Statement of responsibility, etc A. M. Clark, collections leader, Department of Mineralogy, The Natural History Museum, London.
250 ## - EDITION STATEMENT
Edition statement Third edition.
264 #1 - PUBLICATION, DISTRIBUTION, ETC. (IMPRINT)
Place of publication, distribution, etc London :
Name of publisher, distributor, etc Chapman & Hall,
Date of publication, distribution, etc [1993]
264 #4 - PUBLICATION, DISTRIBUTION, ETC. (IMPRINT)
Date of publication, distribution, etc c1993
300 ## - PHYSICAL DESCRIPTION
Extent xi, 848 pages :
Other physical details tables ;
Dimensions 31 cm.
336 ## - CONTENT TYPE
Source rdacontent
Content type term text
Content type code txt
337 ## - MEDIA TYPE
Media type term unmediated
Source rdamedia
Media type code n
338 ## - CARRIER TYPE
Carrier type term volume
Carrier type code nc
Source rdacarrier
490 0# - SERIES STATEMENT
Series statement Natural History Museum publications
500 ## - GENERAL NOTE
General note Rev. ed. of: An index of mineral species & varieties arranged chemically / Max H. Hey. 2nd, rev. ed. 1962.
650 #7 - SUBJECT ADDED ENTRY--TOPICAL TERM
Topical term or geographic name as entry element Minerals
Form subdivision Nomenclature.
9 (RLIN) 5800
Source of heading or term BUEsh
655 ## - INDEX TERM--GENRE/FORM
Form subdivision Reading book
700 1# - ADDED ENTRY--PERSONAL NAME
Personal name Hey, Max H.
Fuller form of name (Max Hutchinson).
Title of a work Index of mineral species & varieties arranged chemically.
9 (RLIN) 5801
942 ## - ADDED ENTRY ELEMENTS (KOHA)
Source of classification or shelving scheme Dewey Decimal Classification
Koha item type Book - Borrowing
Holdings
Withdrawn status Lost status Source of classification or shelving scheme Damaged status Not for loan Collection code Home library Current library Shelving location Date acquired Source of acquisition Cost, normal purchase price Serial Enumeration / chronology Total Checkouts Full call number Barcode Date last seen Price effective from Koha item type
    Dewey Decimal Classification     Alahram Central Library Central Library First floor 07/06/2009   330.00 72   549.012 CLA 000016157 15/07/2025 07/06/2009 Book - Borrowing